| 000 | 00504nam a2200169Ia 4500 | ||
|---|---|---|---|
| 008 | 241217s9999||||xx |||||||||||||| ||und|| | ||
| 020 |
_a978086612283 _c0 |
||
| 040 |
_beng _cSSK Library _erda |
||
| 082 | _a657.83720/COT | ||
| 100 | _a Raymond Cote | ||
| 245 | 0 | _aAccounting For Hospitality Managers | |
| 250 | _a4th ed | ||
| 260 |
_b Educational Institute Of The American Hotel & Lodging Association _c©2001 |
||
| 942 |
_2Dewey Decimal Classification _cBOOK _nNo |
||
| 999 |
_c19689 _d19689 |
||
| 003 | OSt | ||
| 005 | 20241217112730.0 | ||